00612nam a22002057a 450000500170000001000130001702000220003003500130005203700160006504000120008108200150009310000250010824500700013326000400020327000430024330000320028650000510031865000190036965000180038820170124110005.0 aA-410317 c00.00a8170242991 aA-410317 bCen Lib/Ret aDPLbEN a363.1bKHA aKhan, Zakiya Tasneem aEnvironmental crisis and urban planning /cby Zakiya Tasneem Khan aNew Delhi bAshish Publishing House bNew Delhi a8/81, Punjabi Baghe110026 axxii,253p. :c22cm(Hb)bill aIncludes bibliographical references and index  aSocial ecology aCity planning